Statistics for Maths True or False - Speedrun - Part 2

Click here to take the quiz!

General Stats

  • This quiz has been taken 74 times
  • The average score is 4 of 15

Answer Stats

QuestionAnswer% Correct
11 + 7 = 17False
94%
12^2 = 152False
90%
240 grams + 800 grams = 1.4 kilogramsFalse
66%
1^2^3^4 = 1True
48%
12 / 6 = 2True
24%
(ln(-1))/i = PiTrue
18%
12:35pm + 80 minutes = 1:55amFalse
16%
Factors of 15: 1,3,5,6,15False
10%
x + x = x^2False
4%
4^3 = 32False
4%
44 / 4 = 11True
4%
2x * x = 3xFalse
2%
3^3 = 18False
2%
3^0 = 3False
2%
27 + 33 = 50False
2%

Score Distribution

Percentile by Number Answered

Percent of People with Each Score

Your Score History

You have not taken this quiz